00510nam a2200133 a 4500008004100000050002200041100002200063245015200085260002600237300001900263350000900282650003900291650004600330090420s1992 ||||||||||||||||| || u aGOV.ZAM(02)1992/5 aKantumoya, Albert14aThe state of libraries in teacher training colleges in Zambia: final reportcby Albert Kantumoya, Saul Zulu, Vitalicy Chifwepa and Trywell Kalusopa aLusakabFINNIDAc1992 aiv, 93p.: ill. a0.00 aLIBRARIES--HANDBOOKS, MANUALS, ETC aLIBRARIES, UNIVERSITY AND COLLEGE--ZAMBIA